HUMAN SEXUALITY: A PSYCHOSOCIAL PERSPECTIVE (Record no. 158303)

MARC details
000 -LEADER
fixed length control field 00576nam a2200205Ia 4500
003 - CONTROL NUMBER IDENTIFIER
control field OSt
005 - DATE AND TIME OF LATEST TRANSACTION
control field 20260312120945.0
020 ## - INTERNATIONAL STANDARD BOOK NUMBER
International Standard Book Number 0-7817-4760-0
040 ## - CATALOGING SOURCE
Transcribing agency LC
050 ## - LIBRARY OF CONGRESS CALL NUMBER
Classification number HQ 21 .W 47 2005
100 ## - MAIN ENTRY--PERSONAL NAME
Personal name WESTHEIMER, RUTH K.
245 #0 - TITLE STATEMENT
Title HUMAN SEXUALITY: A PSYCHOSOCIAL PERSPECTIVE
250 ## - EDITION STATEMENT
Edition statement 2
260 ## - PUBLICATION, DISTRIBUTION, ETC.
Place of publication, distribution, etc. PHILADELPHIA,
Name of publisher, distributor, etc. LIPPINCOTT WILIAMS & WILKINS,
Date of publication, distribution, etc. 2005,
300 ## - PHYSICAL DESCRIPTION
Extent XXVi, 838 P, ILL
500 ## - GENERAL NOTE
General note INCLUDES BIBLIOGRAPHICAL REFERENCES AND INDEX
650 ## - SUBJECT ADDED ENTRY--TOPICAL TERM
Topical term or geographic name entry element Sex ,Sex (Psychology), Sexual disorders
700 ## - ADDED ENTRY--PERSONAL NAME
Personal name LOPATER SANFORD,
942 ## - ADDED ENTRY ELEMENTS (KOHA)
Koha item type Long Loan Book
Source of classification or shelving scheme Library of Congress Classification
Holdings
Withdrawn status Lost status Source of classification or shelving scheme Damaged status Not for loan Collection Home library Current library Shelving location Date acquired Inventory number Total checkouts Full call number Barcode Date last seen Copy number Price effective from Koha item type
    Library of Congress Classification     Arts & Social Sciences Kisii University Library Kisii University Library On Display 03/12/2026 075240   HQ 21 .W 47 2005 029889 03/12/2026 1 03/12/2026 Long Loan Book
    Library of Congress Classification     Arts & Social Sciences Kisii University Library Kisii University Library On Display 03/12/2026 075241   HQ 21 .W 47 2005 023353 03/12/2026 2 03/12/2026 Long Loan Book
    Library of Congress Classification     Arts & Social Sciences Kisii University Library Kisii University Library On Display 03/12/2026 076486   HQ 21 .W 47 2005 029847 03/12/2026 3 03/12/2026 Long Loan Book